| 000 | 004180000a22001690004500 | ||
|---|---|---|---|
| 041 | 0 | _aSPA | |
| 082 | 0 | 4 | _aG 266 A6621m |
| 100 | 1 | _aArana Quiroz, Pedro | |
| 245 | 1 | 0 | _aLlamados a la misión / Pedro Arana Quiroz |
| 260 | _aLima, Perú : MISIUR | ||
| 300 | _a35 Pag | ||
| 001 | 7103 | ||
| 942 | _cBK | ||
| 999 |
_c37334 _d37334 |
||
| 336 |
_atexto _btxt _2rdacontent |
||
| 337 |
_2rdamedia _asin mediación _bn |
||
| 338 |
_2rdacarrier _avolumen _bnc |
||